Sopan & anggun : pelbagai gaya bertudung

Bibliographic Details
Main Author: Yasmin Siddik
Format: Book
Published: KL : Utusan Publications & Distributors Sdn Bhd , 2004
Subjects:

MARC

LEADER 00000cam a2200000 7i4500
001 0000036472
005 20130620.0
008 130620
020 |a 9676115967 
090 0 0 |a 646.48   |b YAS 
100 0 |a Yasmin Siddik 
245 1 0 |a Sopan & anggun :   |b pelbagai gaya bertudung   |c Yasmin Siddik 
260 |a KL :   |b Utusan Publications & Distributors Sdn Bhd ,   |c 2004 
650 0 |a Dress accessories 
650 0 |a Fashion 
650 0 |a Scarves 
999 |a 000062096   |b Book   |c Adult Collection   |e Cawangan Bukit Gambir 
999 |a 0001228573   |b Book   |c Adult Collection   |e Cawangan Tmn. Ungku Tun Aminah 
999 |a 0001228574   |b Book   |c Adult Collection   |e Cawangan AEON Kulaijaya